| 000 | 00432nam a2200181Ia 4500 | ||
|---|---|---|---|
| 001 | 3142 | ||
| 005 | 20260306144859.0 | ||
| 008 | 260306t1968||||xx |||||||||||||| ||spa|| | ||
| 041 | _aESP | ||
| 082 |
_a261.3 _bR88 |
||
| 100 |
_aRoyo Marín, Antonio _eAUT |
||
| 245 | 0 | _aTeología de la perfección cristiana | |
| 260 | _c1968 | ||
| 300 |
_a991 páginas : _c20 cm. |
||
| 650 | _aGEN | ||
| 654 | _aCHU | ||
| 942 |
_cLIB _dJUS _fJUS _2ddc _n |
||
| 999 |
_c3142 _d3142 |
||